00619nam a2200229 a 4500001001300000003000900013005001700022008004100039020001000080082001300090100002400103245002600127260003500153300000900188500003500197505001000232700002400242902000800266942000700274952009300281999001500374nice12345678IN_TiNIC20260116011753.0050524s1927 hyda grs 000 0 49g  ac10000a150bDOG aDogal, William Make aMuashirati Nafsiyaat. aHyderabadbJamia Osmaniac1927 a434p aincludes index and biblioraphy2 aIndex1 aDogal, William Make bSRS cPS 00104070aHMIbHMId2007-03-15g100.00l0o150 DOGp9857r2007-03-15w2026-01-16yARB c3842d3842